GRACE for living: A daily devotional January - December 2021/ (Record no. 10193)

MARC details
000 -LEADER
fixed length control field 00494nas a22001577a 4500
008 - FIXED-LENGTH DATA ELEMENTS--GENERAL INFORMATION
fixed length control field 221124b |||||||| |||| 00| 0 eng d
022 ## - ISSN
ISSN 2795-2673
100 ## - MAIN ENTRY--AUTHOR
Editor ABOYEJI, Sam and Kafilat Ayanbanjo
245 ## - TITLE STATEMENT
Title GRACE for living: A daily devotional January - December 2021/
260 ## - PUBLICATION, DISTRIBUTION, ETC. (IMPRINT)
Place of publication V.:
Name of publisher Foursquare Gospel Church in Nigeria
310 ## - CURRENT PUBLICATION FREQUENCY
Current publication frequency Annual
650 ## - SUBJECT ADDED ENTRY--TOPICAL TERM
Topical term Devotion Calendars
650 ## - SUBJECT ADDED ENTRY--TOPICAL TERM
Topical term Devotion literature
942 ## - ADDED ENTRY ELEMENTS (KOHA)
Item type Journals
Call number prefix 242.2
050 ## - LIBRARY OF CONGRESS CALL NUMBER
Classification number BV 4811.
Item number A154
Holdings
Withdrawn status Lost status Damaged status Not for loan Home library Current library Date acquired Total Checkouts Full call number Accesion No Date last seen Price effective from Koha item type
        LAFIA BRANCH National Library of Nigeria 24/11/2022   BV 4811. A154 262553 24/11/2022 24/11/2022 Journals
        National Library of Nigeria National Library of Nigeria 24/11/2022   BV 4811. A154 262552 24/11/2022 24/11/2022 Journals
        National Library of Nigeria National Library of Nigeria 24/11/2022   BV 4811. A154   24/11/2022 24/11/2022 Journals

National Library of Nigeria OPAC is powered by Koha